000 01441nam a2200313 a 4500
001 ebr10227063
003 CaPaEBR
006 m u
007 cr cn|||||||||
008 081107s2007 ua a sb 000 0 eng d
020 _z9789290215769
040 _aCaPaEBR
_cCaPaEBR
035 _a(OCoLC)290609685
050 1 4 _aRA644.M2
_bW67 2007eb
110 2 _aWorld Health Organization.
_bRegional Office for the Eastern Mediterranean.
245 1 0 _aGuidelines for the elimination of residual foci of malaria transmission
_h[electronic resource] /
_cWorld Health Organization Regional Office for the Eastern Mediterranean.
260 _aCairo, Egypt :
_bWorld Health Organization, Regional Office for the Eastern Mediterranean,
_c2007.
300 _a47 p. :
_bill.
490 1 _aEMRO technical publications series,
_x1020-0428 ;
_v33
504 _aIncludes bibliographical references.
533 _aElectronic reproduction.
_bPalo Alto, Calif. :
_cebrary,
_d2008.
_nAvailable via World Wide Web.
_nAccess may be limited to ebrary affiliated libraries.
650 0 _aMalaria
_xTransmission
_xPrevention.
650 0 _aMalaria
_xEpidemiology.
650 0 _aMedical geography.
655 7 _aElectronic books.
_2local
710 2 _aebrary, Inc.
830 0 _aWHO/EMRO technical publication ;
_vno. 33.
856 4 0 _uhttp://site.ebrary.com/lib/rucke/Doc?id=10227063
_zAn electronic book accessible through the World Wide Web; click to view
999 _c28825
_d28825